| 000 | 00955cab a22002055a 4500 | ||
|---|---|---|---|
| 001 | L137849 | ||
| 008 | 070502e20070428xxkd f g 000 0 eng d | ||
| 035 | _a(Sirsi) u137849 | ||
| 041 | 0 | _aeng | |
| 100 | 1 | _aCollett, Alan | |
| 245 | 0 | 2 | _aA coming of age |
| 260 | _c2007 | ||
| 490 |
_aEstates Gazette _v(668) 28 April 2007, 164-166(3) |
||
| 520 | _aPractice and Law article examines the IPD residential index. Describes it as a valuable tool for professional property investors. Gives the views of three users of the service. A fund manager finds that it breaks down the components of his returns. A director finds it invaluable in analysing gross-to-net income. A property manager describes how it helps with the management of his portfolio. | ||
| 590 | _aKA | ||
| 651 | 4 |
_aEngland and Wales _y1543- |
|
| 690 |
_aBlock management _96220 |
||
| 856 | 4 | 0 |
_uhttps://www.ipdindex.co.uk/ _zView the index free of charge at www.ipdindex.co.uk... |
| 942 | _n0 | ||
| 999 |
_c78725 _d78725 |
||